Länderflaggen nur blau, weiß und rot - Statistiken

Allgemein
  • Dieses Quiz wurde 71 mal gespielt
    36 seit der letzten Aktualisierung
  • Das Durchschnittsergebnis liegt bei 15 aus 28
Antwortstatistiken
Antwort % Korrekt
Frankreich
86%
Kuba
83%
Vereinigte Staaten
83%
Russland
80%
Niederlande
77%
Luxemburg
69%
Australien
66%
Neuseeland
66%
Thailand
60%
Island
57%
Panama
57%
Slowakei
57%
Norwegen
54%
Slowenien
54%
Kroatien
51%
Serbien
51%
Costa Rica
49%
Dominikanische Republik
46%
Samoa
46%
Tschechien
43%
Paraguay
43%
Nordkorea
40%
Chile
37%
Haiti
37%
Liberia
37%
Taiwan
31%
Laos
29%
Großbritanien
11%
Keine übereinstimmenden Quizze gefunden
Verteilung der Resultate
Anzahl Personen mit jedem Resultat
Perzentil nach korrekt beantworteten Fragen
Ihre Resultats-Entwicklung
Sie haben dieses Quiz seit der letzten Aktualisierung nicht gespielt